000 00921nam a2200277 a 4500
001 73433
003 BD-RjUL
005 20211209082408.0
008 170531s1959 enka b 001 0 eng d
035 _a(BD-RjUL)73651
040 _aDLC/ICU
_cICU
_dBD-RjUL
_beng
041 _aeng
082 0 0 _223
_a636.0885
_bRUP 1959
100 1 _aRussell, W. M. S.
_q(William Moy Stratton)
_9217215
245 1 4 _aThe principles of humane experimental technique /
_c[by] W.M.S. Russell and R.L. Burch.
260 _aLondon :
_bMethuen & Co.,
_cc1959.
300 _axiv, 238 p. :
_bill. ;
_c22 cm.
504 _aIncludes bibliography and index.
650 0 _aLaboratory animals.
_9217216
650 0 _aAlternative toxicity testing.
_9217217
650 0 _aVivisection.
_9217218
700 1 _aBurch, R. L.
_q(Rex Leonard),
_ejoint author.
_9217219
740 0 _aHumane experimental technique.
942 _2ddc
_cBK
999 _c73433
_d73433